export_success — 

The Relational economy : geographies of Knowing and learning.

Bibliographic Details
Main Author: Bathelt
Other Authors: Gluckler,
Format: Book
Published: Oxford: Oxford University Press, 2011.
Subjects:
LEADER 00511cam a2200169 7i4500
001 0000029769
005 20130710090000.0
020 0 0 |a 9780199587384  
090 0 0 |a B 302.35   |b BAT 
100 1 0 |a Bathelt  
245 1 4 |a The Relational economy :   |b geographies of Knowing and learning. 
260 0 0 |a Oxford:   |b Oxford University Press,   |c 2011. 
300 # # |a 298 p. 
650 0 0 |a Organization  
650 0 0 |a Organization --   |x Case studies  
700 1 0 |a Gluckler,   |h Johannes  
999 |a 0000032334  |b Book  |c Book  |e Business Information Centre